000 04319nam a2200457 i 4500
001 xb31170912
006 m d
007 cr n
008 201005t20202020enka sb 000 0ceng d
020 _a9781783749898
_q(pdf)
020 _a9781783749904
_q(epub)
020 _a9781783749911
_q(azw3)
020 _a9781783749928
_q(XML)
020 _z9781783749874 (Paperback)
020 _z9781783749881 (Hardback)
040 _aStSaUL
_beng
_erda
043 _as-gy---
245 0 0 _aLiminal spaces
_h[electronic resource] :
_bmigration and women of the Guyanese diaspora /
_cedited by Grace Aneiza Ali.
264 1 _bOpen Book Publishers,
300 _a1 online resource (232 pages) :
_b72 colour illustrations.
500 _aAvailable through Open Book Publishers.
504 _aIncludes bibliographical references.
505 0 _aContents -- Notes on the Contributors -- Introduction: Liminal Spaces / Grace Ali -- Part I. Mothering Lands /Grace Ali ; 1. Surrogate Skin: Portrait of Mother (Land) / Keisha Scarville ; 2. Until I Hear from You / Erika DeFreitas ; 3. Electric Dreams / Natalie Hopkinson and Serena Hopkinson -- Part II. The Ones Who Leave... The Ones Who Are Left / Grace Ali ; 4. The Geography of Separation / Grace Ali ; 5. Transplantation / Dominique Hunter ; 6. Those Who Remain: Portraits of Amerindian Women / Khadija Benn -- Part III. Transitions / Grace Ali ; 8. So I Pick Up Me New-World-Self / Grace Nichols ; 10. Memories from Yonder / Christie Neptune ; 11. A Trace / Evidence of Time Past / Sandra Brewster -- Part IV. Returns, Reunions, and Rituals / Grace Ali ; 12. Concrete and Filigree / Michelle Joan Wilkinson ; 13. A Daughter's Journey from Indenture to Windrush / Maria del Pilar Kaladeen ; Postface: A Brief History of Migration from Guyana / Grace Ali -- List of Illustrations -- Acknowledgments.
506 _aOpen access resource providing free access.
520 _a"Liminal Spaces is an intimate exploration into the migration narratives of fifteen women of Guyanese heritage. It spans diverse inter-generational perspectives - from those who leave Guyana, and those who are left - and seven seminal decades of Guyana's history - from the 1950s to the present day - bringing the voices of women to the fore. The volume is conceived of as a visual exhibition on the page; a four-part journey navigating the contributors' essays and artworks, allowing the reader to trace the migration path of Guyanese women from their moment of departure, to their arrival on diasporic soils, to their reunion with Guyana. Eloquent and visually stunning, Liminal Spaces unpacks the global realities of migration, challenging and disrupting dominant narratives associated with Guyana, its colonial past, and its post-colonial present as a 'disappearing nation'. Multimodal in approach, the volume combines memoir, creative non-fiction, poetry, photography, art and curatorial essays to collectively examine the mutable notion of 'homeland', and grapple with ideas of place and accountability. This volume is a welcome contribution to the scholarly field of international migration, transnationalism, and diaspora, both in its creative methodological approach, and in its subject area - as one of the only studies published on Guyanese diaspora. It will be of great interest to those studying women and migration, and scholars and students of diaspora studies."--Publisher's website.
538 _aMode of access: World Wide Web.
540 _aThis work is licensed under a Creative Commons Attribution 4.0 International license (CC BY 4.0). For more detailed information consult the publisher's website.
650 _aWomen
_zGuyana.
650 0 _aEmigration and immigration
_xSocial aspects.
650 0 _aWomen immigrants
_zGreat Britain.
651 0 _aGuyana
_xHistory
_y1966-
651 0 _aGuyana
_xHistory
_y20th century.
700 1 _aAli, Grace Aneiza,
_eauthor.
710 2 _aOpen Book Publishers,
_epublisher.
856 4 0 _uhttp://doi.org/10.11647/OBP.0218
_zConnect to e-book
856 4 2 _uhttp://www.openbookpublishers.com/shopimages/products/cover/1208
_zConnect to cover image
999 _c29170
_d29170